00622nai a2200157Ia 4500003000900000008004100009022002200050022002300072040001600095245011100111260005800222310001400280362002700294521006900321856007400390IN-BaIIA211028c9999 xx s 000 0 eng d a1578-7303 (Print) a1579-1505 (Online) cIIA Library 0aRevista de la Real Academia de Ciencias Exactas, Físicas y Naturales. Serie A. Matemáticash[eJournal] aBasel, SwitzerlandbSpringer International Publishing aQuarterly a102(1); 2008 - Present bSubscribed through National Knowledge Resource Consortium (NKRC) uhttps://www.springer.com/journal/13398yClick Here to Access eJournal